000 00347nam a2200133 i 4500
001 bg
100 1 _aSŁONIŃSKI, Jerzy
245 0 _aGeneralne wykonawstwo i problemy kooperacji w budownictwie /
_cJerzy Słoniński.
260 _aWarszawa,
_c1974.
040 _cBPK
041 _apol
942 _cKS
008 s pl f |000 0 pol
999 _c26314
_d26314
856 _uhttp://koha.tu.koszalin.pl/cgi-bin/koha/opac-detail.pl?biblionumber=26314
_yKatalog online BPK